Statistics for Valencia Champions League XIs

Click here to take the quiz!

General Stats

  • This quiz has been taken 113 times
  • The average score is 24 of 74

Answer Stats

Answer% Correct
David Villa
81%
Santiago Cañizares
74%
David Silva
72%
José Gayá
62%
Daniel Parejo
59%
Gaizka Mendieta
57%
Juan Mata
57%
Claudio López
55%
Curro Torres
53%
Jasper Cillessen
53%
Ferrán Torres
51%
Carlos Soler
50%
Neto
50%
Rodrigo Moreno
47%
David Albelda
46%
Roberto Ayala
46%
Diego Alves
45%
Gonçalo Guedes
45%
Rubén Baraja
45%
Joaquín
42%
Gabriel Paulista
41%
Pablo Aimar
39%
Roberto Soldado
39%
Francis Coquelin
38%
Geoffrey Kondogbia
38%
Kily González
38%
Paco Alcácer
38%
Raul Albiol
38%
Cesar Sánchez
36%
John Carew
36%
Juan Sánchez
35%
Maxi Gómez
35%
Pablo Hernández
35%
Vicente
35%
Amedeo Carboni
32%
Jaume Doménech
32%
Mauricio Pellegrino
32%
Ricardo Costa
32%
Daniel Wass
31%
Éver Banega
31%
Alberto Costa
30%
Carlos Marchena
30%
Jocelyn Angloma
30%
Enzo Pérez
28%
Jonas Gonçalves
28%
Vincente Guaita
28%
André Gomes
27%
Fernando Morientes
27%
Miguel
26%
Miguel Ángel Angulo
24%
Jérémy Mathieu
23%
João Pereira
23%
Sofiane Feghouli
23%
Cristiano Piccini
20%
João Cancelo
20%
Aritz Aduriz
19%
Shkodran Mustafi
19%
Adil Rami
18%
Francisco Rufete
18%
Iván Helguera
18%
Aymen Abdennour
16%
David Navarro
16%
Javi Fuego
16%
Emiliano Moretti
14%
Marco Di Vaio
14%
Victor Ruiz
9%
Javier Farinos
8%
Michy Batshuayi
8%
Andrés Guardado
5%
Miroslav Đukić
5%
Alejandro Domínguez
4%
Aly Cissokho
3%
Gerard
3%
Marco Caneira
1%

Score Distribution

Percentile by Number Answered

Percent of People with Each Score

Your Score History

You have not taken this quiz